|
|
|
|
| LEADER |
01033nam a22002892a 4500 |
| 001 |
001435317 |
| 003 |
CZ BrMZK |
| 005 |
20230823115034.0 |
| 007 |
ta |
| 008 |
141107s1948 xr er|||||||||||cze d |
| 015 |
|
|
|a cnb000711447
|
| 035 |
|
|
|a (OCoLC)85429921
|
| 040 |
|
|
|a ABA001
|b cze
|c PNA001
|d ABA001
|
| 100 |
1 |
|
|a Němcová, Božena,
|d 1820-1862
|7 jk01083016
|4 aut
|
| 245 |
1 |
0 |
|a Karla :
|b obrázek z okolí domažlického /
|c Božena Němcová ; [text přehlédl Jan Kubišta]
|
| 250 |
|
|
|a První vydání
|
| 260 |
|
|
|a V Praze :
|b Státní nakladatelství,
|c 1948
|
| 300 |
|
|
|a 41 s.
|
| 490 |
1 |
|
|a Česká četba ;
|v sv. 1
|
| 700 |
1 |
|
|a Kubišta, Jan
|4 edt
|
| 830 |
|
0 |
|a Česká četba (Státní nakladatelství)
|0 s
|
| 856 |
4 |
1 |
|u http://www.digitalniknihovna.cz/mzk/uuid/uuid:c86541a0-68a1-11e4-8991-005056827e51
|y Digitalizovaný dokument
|x NDK
|
| 910 |
|
|
|a BOA001
|b 2-0211.928,1
|
| 990 |
|
|
|a BK
|
| 993 |
|
|
|a Y
|
| 991 |
|
|
|b 201411
|
| 996 |
6 |
|
|b 2619029470
|c 2-0211.928,1
|l MZK
|r Sklad / do 24 hodin
|n 1
|w 001469901
|u 000010
|a 1
|e BOA001
|j MZK50
|s P
|